000 00658nam a2200241Ia 4500
003 OSt
005 20220928114856.0
006 a|||||r|||| 00| 0
007 ta
008 220927b |||||||| |||| 00| 0 eng d
024 _a68720
037 _cTextual
040 _aSDCL
_cSDCL
_beng
041 _2eng
_aeng
082 _aO-,2J64w, P4
100 _aKnight Charles
_9441799
245 0 _aWilliam Shakespeare
_b A biography.
260 _aNew Delhi
_bVishva bharti
_c2004
300 _ax,329p
_ccm.
650 _aShakespeare William-biography
_9441800
942 _hO-,2J64w, P4
_cTEXL
_2CC
999 _c757167
_d757167